000 00220 a2200109 4500
001 51109
040 _cAnchieta - Pituba
240 1 0 _aEvento de Música
_l
245 1 0 _aEvento de Música
650 4 _aMúsica
942 _cMX
999 _c51109
_d51109